Marketing management : (Record no. 39653)
[ view plain ]
| 000 -LEADER | |
|---|---|
| fixed length control field | 00885cam a22002534a 4500 |
| 001 - CONTROL NUMBER | |
| control field | 14437060 |
| 005 - DATE AND TIME OF LATEST TRANSACTION | |
| control field | 20180103083126.0 |
| 008 - FIXED-LENGTH DATA ELEMENTS--GENERAL INFORMATION | |
| fixed length control field | 060703s2008 nyua b 001 0 eng |
| 010 ## - LIBRARY OF CONGRESS CONTROL NUMBER | |
| LC control number | 2006022082 |
| 020 ## - INTERNATIONAL STANDARD BOOK NUMBER | |
| International Standard Book Number | 9780073529820 (alk. paper) |
| 020 ## - INTERNATIONAL STANDARD BOOK NUMBER | |
| International Standard Book Number | 0073529826 (alk. paper) |
| 040 ## - CATALOGING SOURCE | |
| Original cataloging agency | DLC |
| Transcribing agency | DLC |
| Modifying agency | DLC |
| 041 ## - LANGUAGE CODE | |
| Language code of text/sound track or separate title | eng |
| 042 ## - AUTHENTICATION CODE | |
| Authentication code | pcc |
| 080 ## - UNIVERSAL DECIMAL CLASSIFICATION NUMBER | |
| Universal Decimal Classification number | 658.81 MUL |
| 082 00 - DEWEY DECIMAL CLASSIFICATION NUMBER | |
| Classification number | 658.81 MUL |
| Edition number | 22 |
| 100 1# - Rafti | |
| Rafti | 60 |
| 101 ## - Shkurtesa | |
| Shkurtesa | MAR |
| 245 10 - TITLE STATEMENT | |
| Title | Marketing management : |
| Statement of responsibility, etc | John W. Mullins, Orville C. Walker Jr., Harper W. Boyd Jr. |
| 504 ## - BIBLIOGRAPHY, ETC. NOTE | |
| Bibliography, etc | Includes bibliographical references and index. |
| 906 ## - LOCAL DATA ELEMENT F, LDF (RLIN) | |
| a | 7 |
| b | cbc |
| c | orignew |
| d | 1 |
| e | ecip |
| f | 20 |
| g | y-gencatlg |
| 942 ## - ADDED ENTRY ELEMENTS (KOHA) | |
| Source of classification or shelving scheme | |
| Item type | Books |
No items available.